| 000 | 00438nam a2200169 a 4500 | ||
|---|---|---|---|
| 001 | 3447 | ||
| 005 | 20140414131926.0 | ||
| 008 | 050601s19uu xx 00 eng d | ||
| 050 |
_aER _bP65 1999 |
||
| 245 | 0 | _aPinocchio. | |
| 260 |
_aManila, Philippines : _bStraight Lines, _c1999. |
||
| 300 | _a1 v. p. : ill. ; cm. | ||
| 440 | _aClassic tales collection | ||
| 650 | _aFairy tales. | ||
| 650 | _aChildren stories. | ||
| 999 |
_c112021 _d112021 |
||